Statistics for Languages available on Duolingo

Click here to take the quiz!

General Stats

  • This quiz has been taken 41 times
  • The average score is 30 of 42

Answer Stats

Idiomas% Correct
English
100%
Spanish
100%
French
97%
German
97%
Chinese
95%
Italian
92%
Japanese
92%
Portuguese
92%
Russian
92%
Swedish
92%
Finnish
89%
Norwegian
89%
Arabic (Standar)
87%
Polish
87%
Korean
84%
Danish
82%
Dutch
82%
Turkish
82%
Ukrainian
82%
Czech
79%
Greek
79%
Irish
79%
Hindi
76%
Romanian
74%
Hungarian
71%
Thai
71%
Indonesian
68%
Latin
68%
Vietnamese
66%
Swahili
63%
Scottish Gaelic
61%
Esperanto
53%
Catalan
50%
Hebrew
50%
Welsh
50%
Klingon
45%
Haitian Creole
42%
Navajo
39%
Yiddish
37%
Hawaiian
34%
Guarani
29%
High Valyrian
24%

Score Distribution

Percentile by Number Answered

Percent of People with Each Score

Your Score History

You have not taken this quiz